Catastro de rústica : cartografía /

Zapisane w:
Opis bibliograficzny
1. autor: Berné Valero, José Luis (autor)
Format: Książka
Język:hiszpański
Wydane: Valencia, España : Universidad Politécnica de Valencia, 1995, c1995
Hasła przedmiotowe:
Etykiety: Dodaj etykietę
Nie ma etykietki, Dołącz pierwszą etykiete!

MARC

LEADER 00000nam^a2200000^a^4500
001 000053061
005 20250521000000.0
009 20260310090420.652
037 |a Acervo ITESO - Biblioteca 
041 |a ESP 
082 |a 333. 180946  |b BER 
100 |a Berné Valero, José Luis  |e (autor) 
245 1 0 |a Catastro de rústica :  |b cartografía /  |c J.L. Berné Piqueras. 
264 4 |a Valencia, España :  |b Universidad Politécnica de Valencia,  |c 1995, c1995 
300 |a 102 p. 
336 |a texto  |b txt  |2 rdacontenido 
337 |a sin mediación  |b n  |2 rdamedio 
338 |a volumen  |b nc  |2 rdasoporte 
649 |a XX 
650 |a Catastros -  |z Valencia, España 
650 |a Tenencia de la Tierra -  |z Valencia, España 
650 |a Economía -  |z Valencia, España 
650 |a Valencia, España -  |x Historia 
910 |a Fondo General 
920 |a Impresos - Libros 
930 |a Colección General 
905 |a 101 
901 |a 0500010817  |b IT1  |c ACC  |u 20250521 
902 |a https://opac.biblio.iteso.mx/vufind/Record/000053061